000 00937nam a2200253 i 4500
001 bg
100 1 _aMILECKI, Andrzej
245 1 0 _aWybrane metody poprawy właściwości liniowych serwonapędów elektrohydraulicznych :
_bpodstawy teoretyczne, konstrukcja, badania symulacyjne i doświadczalne /
_cAndrzej Milecki.
260 _aPoznań :
_bWydaw. PP,
_c1999.
300 _a140, [1] s. :
_bfot., rys., wykr. ;
_c24 cm.
490 1 _aRozprawy / Politechnika Poznańska,
_x0551-6528 ;
_vnr 343
500 _aStreszcz ang.
504 _aBibliogr. s. 133-140.
650 9 _aNapęd elektrohydrauliczny
650 9 _aRegulatory
_xstosowanie
650 9 _aSterowanie
_xurządzenia
_xautomatyzacja
650 9 _aSymulacja
_xstosowanie
_xtechnika
830 0 _aRozprawy (Politechnika Poznańska) ;
_vnr 343
040 _cBPK
041 0 _apl
_ben
080 _a62-82-52:004.94
942 _cKS
008 s pl f |000 0 pol
999 _c36546
_d36546
856 _uhttp://koha.tu.koszalin.pl/cgi-bin/koha/opac-detail.pl?biblionumber=36546
_yKatalog online BPK